Adutoria y control del procesamiento de datos / (Registro nro. 10417)

Detalles MARC
000 -LIDER
fixed length control field 00755nam a22002417a 4500
001 - NÚMERO DE CONTROL
Identificador de número de control 4510
003 - IDENTIFICACDOR DE NÚMERO DE CONTROL
control field DO-SdBNP
005 - DATE AND TIME OF LATEST TRANSACTION
control field 20171212151624.0
007 - CAMPOS FIJOS DE DESCRIPCIÓN FÍSICA
fixed length control field 4510
008 - ELEMENTOS DE LONGITUD FIJA
fixed length control field 160616b 1984 cl. ||||| |||| 00| 0 spa d
020 ## - ISBN
International Standard Book Number 8482763938
040 ## - FUENTE DE CATALOGACIÓN
Agencia que crea de manera original el registro BPMSU
Idioma de catalogación spa
Agencia que realiza la transcripción BPMSU
100 ## - ASIENTO PRINCIPAL -- NOMBRE PERSONAL
Nombre personal Lott, Richard W.
240 ## - TITULO UNIFORME
Título uniforme Auditing the data processing function de Richard W. Lott
245 ## - MENCIÓN DE TITULO
Título Adutoria y control del procesamiento de datos /
Mención de responsabilidad Richard W. Lott ; traducción Henry Arango D.
260 ## - PUBLICACIÓN, DISTRIBUCIÓN, ETC. (PIE DE IMPRENTA)
Lugar de publicación, distribución, etc Colombia :
Nombre del editor, distribuidor, etc. Norma,
Fecha de publicación, distribución, etc 1981
300 ## - DESCRIPCIÓN FÍSICA
Extensión 184 p. :
Otros detalles físicos il. ;
Dimensiones 22 cm.
500 ## - NOTA GENERAL
Nota general Incluye Índice
700 ## - ASIENTO SECUNDARIO -- NOMBRE PERSONAL
Nombre personal Arango D., Henry
Mención de responsabilidad tr.
942 ## - ADDED ENTRY ELEMENTS (KOHA)
Source of classification or shelving scheme Dewey Decimal Classification
Koha item type Libros
945 ## - INFORMACIÓN DE PROCESAMIENTO LOCAL
Información de procesamiento local Inventariado extranjero 2017 / YL
956 ## - LOCAL ELECTRONIC LOCATION AND ACCESS (OCLC)
Nombre de host VMATEO
Número de acceso 10
Información de compresión 20160616
Trayectoria BPMSU
Nombre Electrónico 0069
Existencias
Withdrawn status Lost status Source of classification or shelving scheme Damaged status Not for loan Collection code Home library Current library Date acquired Source of acquisition Total Checkouts Barcode Date last seen Price effective from Koha item type
    Dewey Decimal Classification     Colección General Biblioteca Pública Metropolitana Salomé Ureña Biblioteca Pública Metropolitana Salomé Ureña 06/16/2016 FUNDI   BPMSU16060223 06/16/2016 06/16/2016 Libros